Industrial Automation and Process Control

Dettagli Bibliografici
Autore principale: Stenerson J. Jon
Riassunto:Intended for students and technicians who require an overview of industrial automation components, systems, and process controls, this new text provides a blend of principles and applications found in the modern world of manufacturing. Included are PLCs (Programmable Logic Controllers), sensors, communication devices, CNC programming fundamentals, robotics, and process control systems. Installation, troubleshooting, and servicing procedures have been added to give the technician the practical background companies seek today. Some of the key features include: Comprehensive coverage of the fundamentals, wiring, and programming of PLCs. Hundreds of illustrations, many from real-world industry sources, provide visual support for the discussions. A CD with a version of LogixPro software is included to give the reader an opportunity to work with PLC and simulation software. An entire chapter is devoted to safety, and readers are encouraged throughout to follow safe work practices.
Lingua:inglese
Pubblicazione: New Jersey, Prentice Hall, 2003
Soggetti:
Natura: MixedMaterials Libro
KOHA link:https://koha.lib.tpu.ru/cgi-bin/koha/opac-detail.pl?biblionumber=264905

MARC

LEADER 00000nam0a2200000 4500
001 264905
005 20231101233855.0
010 |a 0130330302 
035 |a (RuTPU)RU\TPU\book\287903 
090 |a 264905 
100 |a 20140623d2003 k y0engy50 ba 
101 0 |a eng 
102 |a US 
105 |a a z 001zy 
200 1 |a Industrial Automation and Process Control  |f J. Stenerson 
210 |a New Jersey  |c Prentice Hall  |d 2003 
215 |a 420 p.  |c il. 
320 |a Index: p. 403-420. 
330 |a Intended for students and technicians who require an overview of industrial automation components, systems, and process controls, this new text provides a blend of principles and applications found in the modern world of manufacturing. Included are PLCs (Programmable Logic Controllers), sensors, communication devices, CNC programming fundamentals, robotics, and process control systems. Installation, troubleshooting, and servicing procedures have been added to give the technician the practical background companies seek today. Some of the key features include: Comprehensive coverage of the fundamentals, wiring, and programming of PLCs. Hundreds of illustrations, many from real-world industry sources, provide visual support for the discussions. A CD with a version of LogixPro software is included to give the reader an opportunity to work with PLC and simulation software. An entire chapter is devoted to safety, and readers are encouraged throughout to follow safe work practices. 
606 1 |a Автоматизация производственных процессов  |2 stltpush  |3 (RuTPU)RU\TPU\subj\610  |9 29485 
610 1 |a промышленная автоматизация 
610 1 |a промышленная автоматика 
610 1 |a управление 
610 1 |a контроль 
610 1 |a автоматизированные системы 
610 1 |a автоматизированные системы контроля 
610 1 |a автоматизированные системы управления предприятиями 
610 1 |a сенсорная техника 
610 1 |a английский язык 
675 |a 65.011.56  |v 3 
700 1 |a Stenerson  |b J.  |g Jon 
801 1 |a RU  |b 63413507  |c 20140623 
801 2 |a RU  |b 63413507  |c 20150129  |g RCR 
942 |c BK 
959 |a 109/20140623  |d 2  |e 0  |f ЧЗИЛ:1  |f АНЛ:1